00719nam a2200121Ia 4500008004100000041001200041100002300053245009600076260003400172510026300206650002000469650010800489231221s9999 xx 000 0 und d aEnglish aMadalli, Devika P. 0aOverview of Open Source Software for Digital Libraries [electronic resource : presentation] c2005bDELNET/PESITaBangalore aPresentation given during the National Convention on Library and Information Newtorking (NACIN 2005) held at PES Institute of Technology Bangalore August 22-25, 2005 on ' Strategies for Managing Knowledge Resoruces : Promoting Research, Education and Skills' aDigital Library aopen source Karma and Forgivness On Healing Emotional Pain Karma and Forgivness healing, Emotional Pain